| 000 | 00670nam a2200205 u 4500 | ||
|---|---|---|---|
| 001 | 000342596 | ||
| 003 | AM-YeHGA | ||
| 005 | 20250618072133.0 | ||
| 008 | 040611s1975 ai r 000 0 arm d | ||
| 040 | _aAM-YeHGA | ||
| 041 | 0 | _aarm | |
| 080 | _aAp2 | ||
| 090 | _aԱ-70 | ||
| 100 | 1 |
_aԱռաքելյան, Երջանիկ Գեղամի, _d1918-1981 _91982 |
|
| 245 | 1 | 0 |
_aՏասը չափիր մեկ կտրիր : _bԲանաստեղծություններ. / _cԵ. Առաքելյան. |
| 260 |
_aԵրևան : _bՀայաստան, _c1975. |
||
| 300 |
_a56 էջ ; _c17 սմ. |
||
| 650 | 1 | 4 |
_aՀայ մանկական գրականություն _xՊոեզիա |
| 090 | _c131516 | ||
| 999 |
_c130152 _d130152 |
||